000 00442nam a2200181Ia 4500
005 20240823062557.0
008 240823s9999||||xx |||||||||||||| ||und||
041 _aENGLISH
082 _A380.1N5
100 _aMrityunjoy Banerjee
245 0 _aEssential of Modern Marketing
250 _a3rd
260 _c1995
_b"Oxford & IBH,New Delhi"
500 _aYES
650 _aManagement
_bManagement Studies
942 _cBK
999 _c236208
_d236208